Top 25 Trading Partners - Peru - Statistics

General Stats
  • This quiz has been taken 71 times
  • The average score is 43 of 50
Answer Stats
Hint Answer % Correct
2nd Place: 8,002 United States of America
100%
2nd Place: 9,174 United States of America
100%
11th Place: 1,126 Germany
98%
9th Place: 1,088 Germany
98%
8th Place: 1,719 Brazil
97%
3rd Place: 2,414 Brazil
97%
10th Place: 1,226 Chile
97%
7th Place: 1,366 Chile
97%
1st Place: 13,237 China
97%
1st Place: 10,059 China
97%
3rd Place: 2,481 India
97%
13th Place: 902 India
97%
19th Place: 440 Mexico
97%
4th Place: 1,924 Mexico
97%
7th Place: 1,804 Spain
97%
12th Place: 940 Spain
97%
14th Place: 760 Colombia
95%
6th Place: 1,589 Colombia
95%
24th Place: 179 Argentina
93%
8th Place: 1,223 Argentina
93%
21st Place: 294 France
93%
21st Place: 352 France
93%
15th Place: 704 United Kingdom
93%
24th Place; 252 United Kingdom
93%
23rd Place: 211 Australia
92%
12th Place: 923 Canada
92%
14th Place: 703 Canada
92%
13th Place: 858 Ecuador
92%
5th Place: 1,923 Ecuador
92%
17th Place: 656 Italy
92%
15th Place: 672 Italy
92%
4th Place: 2,462 South Korea
92%
11th Place: 972 South Korea
92%
5th Place: 2,177 Japan
90%
10th Place: 1,053 Japan
90%
16th Place: 665 Bolivia
88%
17th Place: 464 Bolivia
88%
22nd Place: 285 Indonesia
86%
9th Place: 1,381 Netherlands
86%
25th Place: 242 Netherlands
86%
18th Place: 583 Belgium
81%
18th Place: 438 Russia
80%
20th Place: 353 Vietnam
80%
22nd Place: 242 Panama
75%
19th Place: 400 Thailand
73%
23rd Place: 265 Sweden
69%
6th Place: 2,086 Switzerland
69%
16th Place: 533 Trinidad and Tobago
14%
20th Place: 305 Bulgaria
8%
25th Place: 154 Namibia
3%
No matching quizzes found
Score Distribution
Percent of People with Each Score
Percentile by Number Answered
Your Score History
You have not taken this quiz